000
00319nam a22001337a 4500
999
_c
534185
_d
534185
020
_a
978-9621551092
040
_c
MSOHAIL
082
_a
891.4393
100
_a
Umaira Ahmad
_9
2510
245
_a
Darbar Dil / دربار دل
260
_a
Lahore
_b
Ilm o Irfan Publications
_c
c2010
300
_a
160;p
942
_2
ddc
_c
BK